000 00333nam a2200133Ia 4500
005 20260328104308.0
008 260328s9999||||xx |||||||||||||| ||und||
100 _aPlumb, Barbara
245 0 _aHouses Architects Live In /
_cBarbara Plumb
260 _bViking Press
300 _a168 p.
650 _aDISEÑO Y PLANOS
942 _cBK
999 _c10830
_d10830